| 000 | 00707nam a2200205 i 4500 | ||
|---|---|---|---|
| 001 | 98669 | ||
| 003 | ES-MaACL | ||
| 005 | 20250907063057.0 | ||
| 007 | t| | ||
| 008 | 950920s1884 sp ||||1| spa d | ||
| 040 |
_aCAM _bspa _cCAM |
||
| 100 | 1 |
_aElías de Molins, José, _d1848-1928 _946975 |
|
| 245 | 1 | 0 |
_aConsideraciones sobre el tratado con Inglaterra / _cpor José Elías de Molins. |
| 260 |
_aBarcelona : _b[s.n.], _c1884 ( _fImpr. barcelonesa) |
||
| 300 |
_a30, [2] p. ; _c23 cm. |
||
| 530 | _aDisponible en formato digital. | ||
| 852 |
_aES-MaACL _jT-350-F-14 |
||
| 856 |
_uhttp://bdh-rd.bne.es/viewer.vm?id=0000192885&page=1 _zBiblioteca Digital Hispánica |
||
| 999 |
_c98669 _d98669 |
||